Utopías y desencantos en la construcción de una comunidad imaginada: Waslala, memorial del futuro de Gioconda Belli

Đã lưu trong:
Chi tiết về thư mục
Tác giả chính: Fernández Carballo, Rodolfo
Định dạng: Sách
Ngôn ngữ:Undetermined
Được phát hành: San José, Costa Rica Universidad de Costa Rica, Sistema de Estudios de Posgrado 2006
Những chủ đề:
Các nhãn: Thêm thẻ
Không có thẻ, Là người đầu tiên thẻ bản ghi này!

MARC

LEADER 00000nam a2200000Ia 4500
008 170316s9999 xx 000 0 und d
040 |a cru BVZT 
090 |a TESIS 769 
100 |a Fernández Carballo, Rodolfo 
245 |a Utopías y desencantos en la construcción de una comunidad imaginada: Waslala, memorial del futuro de Gioconda Belli 
260 |a San José, Costa Rica 
260 |b Universidad de Costa Rica, Sistema de Estudios de Posgrado 
260 |c 2006 
300 |a 315 páginas 
650 |a TRABAJO FINAL DE GRADUACIÓN 
650 |a SEP 
650 |a MAGISTER LITTERARUM EN LITERATURA LATINOAMERICANA 
650 |a WASLALA 
650 |a UTOPÍA 
999 |c 14432  |d 14432 
942 |c TFG  |h TESIS 769  |2 z